| 000 -ლიდერი |
| ფიქსირებული სიგრძის საკონტროლო ველი |
01993nam a22002177a 4500 |
| 003 - საკონტროლო ნომრის იდენტიფიკატორი |
| საკონტროლო ველი |
Ge_BSU |
| 005 - ბოლო ოპერაციის თარიღი და დრო |
| საკონტროლო ველი |
20240731153243.0 |
| 008 - ფიქსირებული სიგრძის მონაცემთა ელემენტები - ზოგადი ინფორმაცია |
| ფიქსირებული სიგრძის საკონტროლო ველი |
240731s2023 ge ||||| |||| 00| 0 geo d |
| 020 ## - წიგნის საერთაშორისო სტანდარტული ნომერი |
| International Standard Book Number |
9789941857539 |
| 041 ## - ენის კოდი |
| Language code of text/sound track or separate title |
geo |
| 080 ## - უნივერსალური ათობითი კლასიფიკაციის ინდექსი |
| Universal Decimal Classification number |
811.351.42(076.1) ხ-22 |
| 100 ## - მთავარი ჩანაწერი - პიროვნების სახელი |
| Personal name |
ხანგოშვილი, მექა |
| Relator term |
შემდგენელი. |
| 9 (RLIN) |
23012 |
| 245 ## - ცნობა სათაურის შესახებ |
| Title |
ჩეჩნური ენა : I კლასი : |
| Remainder of title |
მოსწავლის რვეული = Нохчий мотт : I класс : Дешархочун тептар / |
| Statement of responsibility, etc |
იდეის ავტორი, შემდგენელი და მთ. რედაქტორი მექა ხანგოშვილი ; ჩეჩნური ტექსტების რედაქტორი ხამზათ უმხაევი ; ილუსტრაციების ავტორი ემა გუმაშვილი ; დიზაინი ილნარ გორელიშვილი. |
| 264 ## - წარმოების, გამოცემის, დისტრიბუციის და სხვა ცნობები |
| გამოცემის, წარმოების, დისტრიბუციის... ადგილი |
თბილისი, |
| გამოცემის, წარმოების, დისტრიბუციის... თარიღი |
2023. |
| 300 ## - ფიზიკური აღწერა |
| Extent |
200 გვ. : |
| Other physical details |
ილ. ; |
| Dimensions |
29 სმ. |
| 500 ## - ზოგადი შენიშვნა |
| General note |
წიგნში ქისტი მხატვრების გარდა გამოყენებულია ქისტი ბავშვების - ფატიმა, მალიქა და მარიტა ხანგოშვილების ნახატები, ასევე ინტერნეტიდან აღებული უავტორო ილუსტრაციები. |
| 700 ## - ADDED ENTRY--PERSONAL NAME |
| Personal name |
უმხაევი, ხამზათ |
| Relator term |
ჩეჩნური ტექსტების რედაქტორიდა სხვ. |
| 9 (RLIN) |
23029 |
| 710 ## - ADDED ENTRY--CORPORATE NAME |
| Corporate name or jurisdiction name as entry element |
წიგნი გამოიცა საქართველოში გაეროს ბავშვთა ფონდის ფინანსური დახმარებით. |
| 9 (RLIN) |
23030 |
| 773 ## - HOST ITEM ENTRY |
| Title |
ნაჩუქარი |
| 942 ## - ADDED ENTRY ELEMENTS (KOHA) |
| Source of classification or shelving scheme |
|
| Koha item type |
წიგნი |